000 00694nam a2200193 a 4500
001 000025871
005 20200930024120.0
008 110223s1987 cc r 000 0 eng d
040 _aDO-SdBNP
_beng
_cBNPHU
082 _ann*
_bnn*
245 0 0 _aReform and revolution in twentieth century China /
_cEdición de Yu-ming Shaw.
260 _aTaiwan :
_bInstitute of International Relations. National Chengchi University,
_c1987.
300 _a398 p. ;
_c24 cm.
490 1 _aChinese Monograph Series.
_v29
500 _aIncluye referencias bibliográficas y notas al pie de las páginas.
700 1 _aYu-ming Shaw,
_eed.
_948140
830 0 _aChinese Monograph Series
_v29
_952721
049 _aBNGR
999 _c25363
_d25363